000 00913nam a2200241Ia 4500
003 OSt
005 20250410125341.0
008 191128s2006 sp er 000 f spa d
020 _a8483105020
040 0 _aCO-JMCR
_cCO-JMCR
041 _aspa
082 0 4 _aA-N
_bAREa
100 1 _aArenas, Reinaldo,
_d1943-1990
_qautor
_96316
245 1 0 _aAntes que anochezca /
_cReinaldo Arenas
250 _aSexta edición
260 _aBarcelona :
_bFabula Tusquets,
_c2006
300 _a343 páginas ;
_c20 cm.
490 0 _aTusquets
500 _aIncluye datos biográficos del autor.
520 _aEn diciembre de 1990, el escritor cubano Reinaldo Arenas, en fase terminal de SIDA, se suicidaba en Nueva York dejando este estremecedor testimonio personal y político, que terminó días antes de poner fin a su vida. Arenas, en efecto, reunía los tres req
650 1 4 _aNovela histórica
_9186
942 _2ddc
_cBK
999 _c3558
_d3558